English for business communication (student's book): A modular short course consisting of five modules: cultural deversity and socialising, telephoning, presentations, meetings and negotiations

Na minha lista:
Detalhes bibliográficos
Autor principal: Simon Sweeney
Formato: Livro
Idioma:Undetermined
Publicado em: Cambridge, UK Cambridge Univ. Press 1997
Assuntos:
Tags: Adicionar Tag
Sem tags, seja o primeiro a adicionar uma tag!
Thư viện lưu trữ: Trung tâm Học liệu Trường Đại học Cần Thơ
LEADER 00711nam a2200205Ia 4500
001 CTU_57448
008 210402s9999 xx 000 0 und d
020 |b 215000 
082 |a 428.24 
082 |b S974 
100 |a Simon Sweeney 
245 0 |a English for business communication (student's book): A modular short course consisting of five modules: cultural deversity and socialising, telephoning, presentations, meetings and negotiations 
245 0 |c Simon Sweeney 
260 |a Cambridge, UK 
260 |b Cambridge Univ. Press 
260 |c 1997 
650 |a english language 
650 |x textbooks for foreign speakers 
904 |i Minh 
980 |a Trung tâm Học liệu Trường Đại học Cần Thơ